Parties and party politics in India / (Record no. 52461)

MARC details
000 -LEADER
fixed length control field 01814nam a22002897a 4500
005 - DATE AND TIME OF LATEST TRANSACTION
control field 20110516144330.0
010 ## - LCCN (DPL NO)
LC control number B-430603-604 B-442731-733
020 ## - INTERNATIONAL STANDARD BOOK NUMBER
International Standard Book Number 9780195668339
Terms of availability 395.00
020 ## - INTERNATIONAL STANDARD BOOK NUMBER
International Standard Book Number 0195668332
Terms of availability 395.00
035 ## - SYSTEM CONTROL NUMBER
System control number B-430603-604 B-442731-733
037 ## - SOURCE OF ACQUISITION
Source of stock number/acquisition RBC/VEN
082 ## - DEWEY DECIMAL CLASSIFICATION NUMBER
Classification number 324.254
245 ## - TITLE STATEMENT
Title Parties and party politics in India /
Statement of responsibility, etc edited by Zoya Hasan
260 ## - PUBLICATION, DISTRIBUTION, ETC. (IMPRINT)
Place of publication, distribution, etc New Delhi
Name of publisher, distributor, etc Oxford University Press
Date of publication, distribution, etc 2010
300 ## - PHYSICAL DESCRIPTION
Extent xvi,566p.
Dimensions 22cm. (pbk)
490 ## - SERIES STATEMENT
Series statement Themes in politics
-- 33278
500 ## - GENERAL NOTE
General note Includes bibliographical references and index
700 ## - ADDED ENTRY--PERSONAL NAME
Personal name Hasan, Zoya
9 (RLIN) 28122
942 ## - ADDED ENTRY ELEMENTS (KOHA)
Source of classification or shelving scheme Dewey Decimal Classification
Item type English Books
Classification part 324.254
Call number suffix PAR
Holdings
Withdrawn status Lost status Not for loan Collection code Home library Current library Date acquired Source of acquisition Cost, normal purchase price Full call number Barcode Copy number Koha item type Cost, replacement price
      Non-fiction Central Library Central Library 20/05/2011 RBC/22612/26.3.11/76/4.3.11/31.3.11 395.00 324.254 PAR B-430603 1 English Books  
      Non-fiction Karol Bagh Karol Bagh 23/08/2011 RBC/25880/21.6.11/76/4.3.11/18.7.11 395.00 324.254 PAR B-442732 1 English Books 395.00
      Non-fiction Patel Nagar Patel Nagar 20/05/2011 RBC/22612/26.3.11/76/4.3.11/31.3.11 395.00 324.254 PAR B-430604 1 English Books  
      Non-fiction Sarojini Nagar Sarojini Nagar 23/08/2011 RBC/25880/21.6.11/76/4.3.11/18.7.11 395.00 324.254 PAR B-442731 1 English Books 395.00
      Non-fiction Shahdara Branch Shahdara Branch 23/08/2011 RBC/25880/21.6.11/76/4.3.11/18.7.11 395.00 324.254 PAR B-442733 1 English Books 395.00

© Delhi Public Library
Hit Counter
free hit counter